Swiss Promotion League Teams 24-25 - Statistics

General Stats
  • This quiz has been taken 10 times
  • The average score is 8 of 18
Answer Stats
Teams % Correct
SC Kriens
89%
BSC Young Boys U21
78%
FC Basel U21
67%
FC Biel-Bienne
67%
FC Rapperswil-Jona
67%
FC Zürich U21
67%
FC Baden
56%
FC Lugano U21
56%
FC Luzern U21
56%
FC Breitenrain
44%
SR Delémont
44%
FC Bulle
33%
SC Brühl St. Gallen
33%
SC Cham
33%
FC Grand-Saconnex
22%
FC Bavois
11%
FC Paradiso
11%
Vevey-Sport
11%
No matching quizzes found
Score Distribution
Percent of People with Each Score
Percentile by Number Answered
Your Score History
You have not taken this quiz